• 首页
  • 本馆介绍
  • 公告通知
  • 最新文献
  • 馆藏检索
  • 电子资源
  • 读者导购
  • 参考咨询
  • 我的图书馆
  • 登录
  • 详细信息显示
  • 放入我的书架
  • 预约/预借图书
  • 作者相关作品
  • 分类相关作品
  • 丛书相关作品
  • 出版社相关作品

书目信息

  • 表格格式
  • 工作单格式
  • 卡片格式
书名: Communication satellite systems
作者: R.G.GOULD
分册号:
分册名:
出版地: New York :
 
出版社: IEEE
出版时间: 1976.
页数: 164 p.
开本:
丛书名:
中图分类号:
科图分类号:
其他分类号: H319.4
主题词:
电子资源:
000 00746nam 2200205 a 4500
001 E0734029968
005 20070210093228.65
008 uu
040    @aNLC
049    @aN5LA
090    @a2/TN927/GRG/////////////////////882185/888436/ cop.2/*905089/-90/ cop.3-4
090    @aH319.4
096    @aTN927 @v2
099    @dH319.4@ex356
245 00 @aCommunication satellite systems :@ban overview of the technology / @cR.G.GOULD
260    @aNew York :@bIEEE,@c1976.
300    @a164 p.
700 1  @aLum, Y. F., @eed. @b00 @c20020930 @lNLC09 @h2246 @lNLC09 @h2255 @lNLC09 @h1846 @b01 @c20040928 @lNLC09 @h1342 @b01 @c20040928 @lNLC09 @h1342 @b40 @c20050422 @lNLC09 @h0836
700 1  @aGould, R. G., @eed.
852 9  @bWWJC @cJ08S @k2 @hTN927 @iGRG
    
    Communication satellite systems : : an overview of the technology / / R.G.GOULD.-New York : : IEEE, , 1976.
    164 p.
    
    
    ISBN
    
●
相关链接 在E读中查询图书 在五车中查询图书 在当当中查询图书 在豆瓣中查询图书


正题名:Communication satellite systems     索取号:H319.4/x356         预约/预借

序号 登录号 条形码 馆藏地/架位号 状态 备注
1 49112   001424408   第四借阅区/ [索取号:H319.4/x356] 在馆    
唐山师范学院图书馆 欢迎您!
大连网信软件有限公司© 版权所有